Theorie der Differentialgleichungen : Vorlesungen aus dem Gesamtgebiet der gewöhnlichen und der partiellen Differentialgleichungen /
Guardado en:
| Autor Principal: | |
|---|---|
| Formato: | Libro |
| Idioma: | German |
| Publicado: |
New York :
Dover,
1944.
|
| Edición: | 3. neubearb. Aufl. |
| Series: | Grundlehren der mathematischen Wissenschaften in Einzeldarstellungen mit besonderer Berücksichtigung der Anwendungsgebiete ;
Bd. 6. |
| Etiquetas: |
Agregar Etiqueta
Sin Etiquetas, Sea el primero en etiquetar este registro!
|
| LEADER | 01028cam a22002293a 4500 | ||
|---|---|---|---|
| 001 | MAT.inmabb002797 | ||
| 008 | 030414s1944####nyua#####b####001#0#ger## | ||
| 005 | 20130410141527.0 | ||
| 245 | 1 | 0 | |a Theorie der Differentialgleichungen : |b Vorlesungen aus dem Gesamtgebiet der gewöhnlichen und der partiellen Differentialgleichungen / |c von Ludwig Bieberbach. |
| 250 | |a 3. neubearb. Aufl. | ||
| 260 | |a New York : |b Dover, |c 1944. | ||
| 300 | |a xiii, 399 p. : |b il. ; |c 23 cm. | ||
| 490 | 1 | |a Die Grundlehren der mathematischen Wissenschaften ; |v Bd. 6 | |
| 500 | |a "First American edition." | ||
| 500 | |a Publicado originalmente: Berlin : J. Springer, 1932. | ||
| 504 | |a Incluye referencias bibliográficas. | ||
| 100 | 1 | |a Bieberbach, Ludwig, |d 1886- | |
| 830 | 0 | |a Grundlehren der mathematischen Wissenschaften in Einzeldarstellungen mit besonderer Berücksichtigung der Anwendungsgebiete ; |v Bd. 6. | |
| 084 | |a 34-01 (35-01 35J05 35L05 35K05) |2 msc2000 | ||
| 010 | |a 46000257 | ||
| 040 | |a DLC |c DLC | ||
| 859 | |h 34 |i B586 |p A-8041 |b BIB. MATEMATICA | ||
